| 000 | 01295nam1a22002531i 4500 | ||
|---|---|---|---|
| 001 | rc\913030 | ||
| 005 | 20240723223521.0 | ||
| 010 | _9500 | ||
| 035 | _a(NLR Aleph) 006242396 | ||
| 090 |
_a6678110 _c6678110 |
||
| 100 | _a20041129d1982 u |0rusy50 ca | ||
| 101 | 0 | _arus | |
| 102 | _aRU | ||
| 105 | _ay ||||||||| | ||
| 200 | 1 |
_aАктуальные вопросы эстетического воспитания учащейся молодежи в условиях развитого социализма _eМатериалы Респ. науч.-практ. конф. по эстет. воспитанию (1980 г.) _e[В 2 ч. _fРедкол.: А.С. Агаронян (отв. ред.) и др.] |
|
| 210 |
_aТашкент _cБ. и. _d1982 |
||
| 215 | _d20 | ||
| 300 | _aВ надзаг.: М-во просвещения УзССР, Ташк. гос. пед. ин-т им. Низами, Узб. НИИ пед. наук им. Т.Н. Кары-Ниязова | ||
| 702 | 1 |
_aАгаронян _bА.С. _gАлександр Семенович _4340 |
|
| 712 | 1 | 2 |
_aУзбекская респ. науч.-практ. конф. по эстетическому воспитанию _f1980 _eТашкент |
| 801 | 0 |
_aRU _bNLR _gpsbo |
|
| 801 | 1 |
_aRU _bELAR _2rusmarc |
|
| 852 |
_aNLR _j83-3/7761 |
||
| 942 | _cBOOK | ||